00463nam a2200145Ia 4500008004100000020001800041041000800059082001200067100001100079245014200090260003900232300000900271500001700280650002000297220803s9999 xx 000 0 und d a81-904096-2-X aeng a729 MAN aManu S aExploring The Realm Of Energy And Comfort In Interiors : Experiments To Understand Thermal Effects Of Furniture On Interior Environments. aAhmedabadbResearch Cell SIDc2006 a174p aArchitecture aInterior Design